00343 2200145 4500001002100000005001500021035002000036245005000056300000700106260004000113082000800153084001200161990001200173990001200185INLIS00000000000259120250605021206 a0010-0625000177 aPengering dan Tungku Tenaga Matahari /cMinto a46 aBandung :bRemaja Rosdakarya,c2002 a600 a600 PEN a0420941 a0420942